Vista normal Vista MARC

Entrada Geographic Name

Número de registros utilizados en: 1

001 - CONTROL NUMBER

  • control field: 64611

003 - CONTROL NUMBER IDENTIFIER

  • control field: OSt

005 - DATE AND TIME OF LATEST TRANSACTION

  • control field: 20250901222217.0

008 - FIXED-LENGTH DATA ELEMENTS

  • fixed length control field: 250901|| aca||aabn | a|a d

040 ## - CATALOGING SOURCE

  • Original cataloging agency: OSt
  • Transcribing agency: OSt

151 ## - HEADING--GEOGRAPHIC NAME

  • Geographic name: Africa
  • General subdivision: Aspectos culturales
  • General subdivision: Vida social y costumbres

670 ## - SOURCE DATA FOUND

  • Source citation: Work cat.: (OSt)59001: Seller, Marie, 1953- aut 64608, África, pequeño chaka /









Instituto Departamental de Cultura del Meta - Red Departamental de Bibliotecas Públicas del Meta.